<?xml version="1.0" encoding="UTF-8"?>
<record
    xmlns:xsi="http://www.w3.org/2001/XMLSchema-instance"
    xsi:schemaLocation="http://www.loc.gov/MARC21/slim http://www.loc.gov/standards/marcxml/schema/MARC21slim.xsd"
    xmlns="http://www.loc.gov/MARC21/slim">

  <leader>00958nam a2200229 a 4500</leader>
  <controlfield tag="001">BRCA_8867</controlfield>
  <controlfield tag="005">20190320210436.0</controlfield>
  <controlfield tag="008">140617s1752----ag-#######---#000-0#lat-#</controlfield>
  <datafield tag="041" ind1=" " ind2=" ">
    <subfield code="a">lat</subfield>
  </datafield>
  <datafield tag="084" ind1=" " ind2=" ">
    <subfield code="a">BE249</subfield>
    <subfield code="b">.V58 1752</subfield>
  </datafield>
  <datafield tag="100" ind1="1" ind2=" ">
    <subfield code="a">Vitus Pichle</subfield>
    <subfield code="9">22083</subfield>
  </datafield>
  <datafield tag="245" ind1="1" ind2="0">
    <subfield code="a">Candidatus abbreviatus jurisprudentiae sacrae</subfield>
    <subfield code="b">hoc est, Juris canonici secundum Grerorri Papae IX: libros V. decreta lium explanati summa, seu compendium, quad in usum maxime Discipolorum ex libris suis collegit auctor ipse</subfield>
    <subfield code="c">nimirum R. P. Vitus Pichler...</subfield>
  </datafield>
  <datafield tag="250" ind1=" " ind2=" ">
    <subfield code="a">5a ed.</subfield>
  </datafield>
  <datafield tag="260" ind1=" " ind2=" ">
    <subfield code="a">[Agustae vind &amp; wirceburgi]</subfield>
    <subfield code="b">Sumptibus Martini Veith</subfield>
    <subfield code="c">1752</subfield>
  </datafield>
  <datafield tag="300" ind1=" " ind2=" ">
    <subfield code="a">[14], 783 p.</subfield>
    <subfield code="c">18.2 x 11.5 cm.</subfield>
  </datafield>
  <datafield tag="500" ind1=" " ind2=" ">
    <subfield code="a">Cum facultate superiorum</subfield>
  </datafield>
  <datafield tag="500" ind1=" " ind2=" ">
    <subfield code="a">Estado f&#xED;sico: presenta encuadernaci&#xF3;n en pergamino deteriorado, con cantos decorados</subfield>
  </datafield>
  <datafield tag="600" ind1="1" ind2="4">
    <subfield code="a">Gregorio</subfield>
    <subfield code="b">IX</subfield>
    <subfield code="c">Papa</subfield>
    <subfield code="9">22084</subfield>
  </datafield>
  <datafield tag="650" ind1="1" ind2="4">
    <subfield code="a">Derecho can&#xF3;nico</subfield>
    <subfield code="y">Obras anteriores a 1800</subfield>
    <subfield code="9">22085</subfield>
  </datafield>
  <datafield tag="902" ind1=" " ind2=" ">
    <subfield code="a">CFM</subfield>
  </datafield>
  <datafield tag="942" ind1=" " ind2=" ">
    <subfield code="2">lcc</subfield>
    <subfield code="c">B</subfield>
  </datafield>
  <datafield tag="999" ind1=" " ind2=" ">
    <subfield code="c">8518</subfield>
    <subfield code="d">8518</subfield>
  </datafield>
  <datafield tag="952" ind1=" " ind2=" ">
    <subfield code="0">0</subfield>
    <subfield code="1">0</subfield>
    <subfield code="4">0</subfield>
    <subfield code="7">0</subfield>
    <subfield code="a">BRCA</subfield>
    <subfield code="b">BRCA</subfield>
    <subfield code="d">2017-06-14</subfield>
    <subfield code="l">0</subfield>
    <subfield code="o">BE249 .V58 1752</subfield>
    <subfield code="p">CFM00190</subfield>
    <subfield code="r">2019-03-22 00:00:00</subfield>
    <subfield code="w">2019-03-22</subfield>
    <subfield code="y">B</subfield>
  </datafield>
</record>
